01309nam a22002177a 4500003001000000005001700010008004100027040001400068041000700082100002900089245005000118260004600168300001200214500005800226520060200284650003100886654001300917942001200930999001900942952013000961IT-MiCISF20210413123513.0210413b ||||| |||| 00| 0 eng d cIT-MiCISF ait aLongobardi Silvio958027 aIl Cantico dei CanticibUna lode di tenerezza aAngri (SA)bEditrice Punto Famigliac2020 app. 121 aspiritualità-coniugale, pastorale-familiare, bibbia aL’autore opera una lettura del Cantico in chiave coniugale, scegliendo alcuni brani per comprendere l’esperienza affettiva alla luce dell’eterna Parola e trovare in essi quelle sollecitazioni che possono arricchire il cammino verso il matrimonio e della vita degli sposi. Il testo delinea un’ampia e articolata rilettura del cammino dell’amore: l’iniziale chiamata, lo slancio e la fatica, la paura e la gioia, la corporeità e la sessualità. Tutti i capitoli più importanti e decisivi dell’esperienza affettiva, infatti, trovano spazio in questo piccolo Libro della Bibbia.  apastorale-familiare956039 asussidio 2ddccBK c359225d359225 00102ddc406B_7649_00000000000000071aCISFbCISFd2021-04-13l0ob7649p9788899072544r2021-04-13 00:00:00w2021-04-13yBK